[Event "World Senior Teams +65"]
[Site "Radebeul GER"]
[Date "2016.06.26"]
[Round "1.25"]
[Board "1"]
[White "Kolbak, Jens"]
[Black "Ritter, Fred"]
[Result "1-0"]
[WhiteElo "2178"]
[BlackElo "1844"]
[WhiteTeam "Denmark"]
[BlackTeam "BSV Chemie Radebeul"]
[WhiteFideId "1400339"]
[BlackFideId "12975427"]
[EventDate "2016.06.26"]

1. e4 e5 2. Nf3 Nf6 3. Nc3 Nc6 4. Bc4 Nxe4 5. Bxf7+ Kxf7 6. Nxe4 Be7 7. d4 exd4
8. O-O Rf8 9. Nxd4 Kg8 10. Be3 Ne5 11. f4 Nc4 12. Bc1 d5 13. Ng3 Bc5 14. c3 Qh4
15. Kh1 Bg4 16. Nf3 Bxf3 17. Qxf3 c6 18. Qh5 Qf6 19. f5 Be7 20. Rb1 Rf7 21. Bf4
h6 22. Qe2 Bd6 23. Nh5 Qe7 24. Qxe7 Bxe7 25. g4 Bc5 26. b3 Ne3 27. Bxe3 Bxe3 28.
Rf3 Bg5 29. Re1 Raf8 30. Re6 Kh7 31. Kg2 c5 32. Rd3 Rd7 33. Kf3 Rfd8 34. Re5 d4
35. Rxc5 b6 36. Rc4 dxc3 37. Rxd7 Rxd7 38. Rxc3 Kg8 39. Kg3 Bd2 40. Rc8+ Kf7 41.
Nf4 Kf6 42. Rc6+ Ke5 43. Re6+ Kd4 44. Kf3 Kc3 45. h4 Kb2 46. g5 hxg5 47. hxg5
Bc3 48. Re2+ Ka3 49. Ne6 Kb4 50. Rg2 Kb5 51. Ke4 Kc6 52. Rc2 Kd6 53. Rxc3 Re7
54. Rd3+ Kc6 55. Ke5 1-0

[Event "World Senior Teams +65"]
[Site "Radebeul GER"]
[Date "2016.06.26"]
[Round "1.25"]
[Board "2"]
[White "Werner, Helmut"]
[Black "Jorgensen, Arne Bjorn"]
[Result "1/2-1/2"]
[WhiteElo "1913"]
[BlackElo "1955"]
[WhiteTeam "BSV Chemie Radebeul"]
[BlackTeam "Denmark"]
[WhiteFideId "16203348"]
[BlackFideId "1406680"]
[EventDate "2016.06.26"]

1. e4 e6 2. d4 d5 3. Nd2 dxe4 4. Nxe4 Be7 5. Be2 Nd7 6. Nf3 Ngf6 7. Nxf6+ Nxf6
8. O-O O-O 9. c3 b6 10. Re1 Bb7 11. Ne5 c5 12. Bf3 Bd5 13. Bxd5 Qxd5 14. Qf3
Qxf3 15. Nxf3 Rfd8 16. Bg5 Rac8 17. Rad1 h6 18. Be3 Nd5 19. Bd2 Nf6 20. h3 Kf8
21. Be3 Nd5 1/2-1/2

[Event "World Senior Teams +65"]
[Site "Radebeul GER"]
[Date "2016.06.26"]
[Round "1.25"]
[Board "4"]
[White "Fitzner, Hans"]
[Black "Andersson, Finn"]
[Result "0-1"]
[WhiteElo "1356"]
[BlackElo "1816"]
[WhiteTeam "BSV Chemie Radebeul"]
[BlackTeam "Denmark"]
[WhiteFideId "12998575"]
[BlackFideId "1420232"]
[EventDate "2016.06.26"]

1. d4 e6 2. c4 Nf6 3. Nc3 c5 4. Nf3 b6 5. e4 cxd4 6. Nxd4 Bb7 7. Bd3 d6 8. Bg5
Be7 9. Qa4+ Nfd7 10. f4 Bxg5 11. fxg5 Qxg5 12. Qc2 Qe3+ 13. Nde2 Nc5 14. Rd1 Nc6
15. Qd2 Qxd2+ 16. Rxd2 Ne5 17. Nc1 Ncxd3+ 18. Nxd3 Nxc4 19. Re2 a6 20. O-O O-O
21. Rd1 Rfd8 22. b3 Na5 23. Nf2 Rac8 24. Re3 b5 25. e5 d5 26. Red3 Nc6 27. Ng4
h5 28. Nf2 Nxe5 29. Rd4 Rxc3 30. h3 Rdc8 31. Kh2 Rc2 32. Nd3 Nf3+ 0-1

[Event "World Senior Teams +65"]
[Site "Radebeul GER"]
[Date "2016.06.27"]
[Round "2.1"]
[Board "1"]
[White "Vucenovic, Dragomir"]
[Black "Sveshnikov, Evgeny"]
[Result "1/2-1/2"]
[WhiteTitle "FM"]
[BlackTitle "GM"]
[WhiteElo "2264"]
[BlackElo "2509"]
[WhiteTeam "Switzerland"]
[BlackTeam "Russia 65+"]
[WhiteFideId "1300393"]
[BlackFideId "4100638"]
[EventDate "2016.06.26"]

1. d4 d5 2. Nf3 Nf6 3. g3 c5 4. Bg2 Nc6 5. O-O cxd4 6. Nxd4 e6 7. c4 Be7 8. Nc3
O-O 9. cxd5 exd5 10. b3 Bg4 11. Bb2 Qd7 12. Rc1 Rac8 13. Qd2 Rfe8 14. Rfe1 Bb4
15. Nxc6 bxc6 16. a3 Bxc3 17. Bxc3 Ne4 18. Bxe4 dxe4 19. Qxd7 Bxd7 20. Bd4 a5
21. f4 exf3 22. exf3 Be6 23. b4 axb4 24. axb4 Red8 25. Red1 f6 26. Be3 Rxd1+ 27.
Rxd1 Ra8 28. Kf2 Bd5 29. g4 Kf7 30. Rd2 Ke6 31. Bc5 Ra3 32. Re2+ Kf7 33. Re3
Ra2+ 34. Re2 Ra8 35. h4 h6 36. h5 Be6 37. Kg3 Ra3 38. Re3 Ra2 39. Kf4 Ra8 40.
Rd3 Re8 41. Ra3 g5+ 42. hxg6+ Kxg6 43. Re3 h5 44. gxh5+ Kxh5 45. Re1 Kg6 46. Re3
Kf7 47. Ra3 Bd5 48. Re3 Rxe3 49. Kxe3 1/2-1/2

[Event "World Senior Teams +65"]
[Site "Radebeul GER"]
[Date "2016.06.27"]
[Round "2.1"]
[Board "2"]
[White "Balashov, Yuri S"]
[Black "Bhend, Edwin"]
[Result "1-0"]
[WhiteTitle "GM"]
[BlackTitle "IM"]
[WhiteElo "2408"]
[BlackElo "2169"]
[WhiteTeam "Russia 65+"]
[BlackTeam "Switzerland"]
[WhiteFideId "4100263"]
[BlackFideId "1300288"]
[EventDate "2016.06.26"]

1. Nf3 d5 2. g3 Nc6 3. d4 Bg4 4. Bg2 e6 5. O-O Bd6 6. c4 dxc4 7. Qa4 Ne7 8. Qxc4
O-O 9. Nc3 Nc8 10. Rd1 Nb6 11. Qb3 Qe7 12. a4 Bb4 13. h3 Bh5 14. g4 Bg6 15. Ne5
Na5 16. Nxg6 hxg6 17. Qc2 Rfd8 18. Ne4 Nd5 19. Ng3 Bd6 20. Ne4 Qe8 21. Bg5 Be7
22. Bd2 Nc6 23. e3 Rab8 24. Rac1 e5 25. dxe5 Nxe5 26. Qb3 c6 27. Ba5 b6 28. Bc3
Nd7 29. Qc4 Nxc3 30. Nxc3 Ne5 31. Qe4 Bf8 32. f4 1-0

[Event "World Senior Teams +65"]
[Site "Radebeul GER"]
[Date "2016.06.27"]
[Round "2.1"]
[Board "3"]
[White "Hohler, Peter"]
[Black "Zhelnin, Vladimir V"]
[Result "1/2-1/2"]
[WhiteTitle "FM"]
[BlackTitle "IM"]
[WhiteElo "2159"]
[BlackElo "2455"]
[WhiteTeam "Switzerland"]
[BlackTeam "Russia 65+"]
[WhiteFideId "1300296"]
[BlackFideId "4105567"]
[EventDate "2016.06.26"]

1. d4 Nf6 2. c4 g6 3. Nc3 Bg7 4. e4 d6 5. f3 O-O 6. Be3 a6 7. Qd2 Nc6 8. Nge2
Na5 9. Ng3 b5 10. cxb5 axb5 11. Rc1 b4 12. Nd1 Rb8 13. Be2 c6 14. b3 Nd7 15. Bh6
Bxh6 16. Qxh6 Qb6 17. Qe3 e5 18. dxe5 dxe5 19. O-O Re8 20. Qxb6 Rxb6 21. Ne3 Kf8
22. Rfd1 Ke7 23. Kf2 f6 24. Rd2 Nf8 25. Nc4 Nxc4 26. Bxc4 Be6 27. Ne2 Ra8 28.
Rcc2 Bxc4 29. Rxc4 Ne6 30. Nc1 Ra7 31. Nd3 Rab7 32. Nc5 Nxc5 33. Rxc5 Ra6 34.
Ke3 Rb5 35. Rcc2 Rb8 36. Rc4 Rba8 37. Rcc2 Rb8 38. Rc4 1/2-1/2

[Event "World Senior Teams +65"]
[Site "Radebeul GER"]
[Date "2016.06.27"]
[Round "2.1"]
[Board "4"]
[White "Pushkov, Nikolai"]
[Black "Illi, Hans-Joerg"]
[Result "1-0"]
[WhiteTitle "GM"]
[WhiteElo "2315"]
[BlackElo "2042"]
[WhiteTeam "Russia 65+"]
[BlackTeam "Switzerland"]
[WhiteFideId "4117131"]
[BlackFideId "1300431"]
[EventDate "2016.06.26"]

1. d4 Nf6 2. c4 e6 3. Nf3 b6 4. g3 Ba6 5. Qa4 c6 6. Nc3 d5 7. cxd5 b5 8. Qb3
exd5 9. Bg2 Be7 10. a3 O-O 11. O-O Bb7 12. Bf4 Nh5 13. Bd2 Nd7 14. e4 dxe4 15.
Nxe4 Nhf6 16. Nxf6+ Nxf6 17. Bb4 Re8 18. Bxe7 Rxe7 19. Rfe1 Rc8 20. Rxe7 Qxe7
21. Re1 Qd6 22. Re5 h6 23. Qc2 Nd7 24. Re1 c5 25. Ng5 hxg5 26. Bxb7 Rc7 27. dxc5
Rxc5 28. Re8+ Nf8 29. Qe2 a6 30. Ra8 Re5 31. Qf3 Qd4 32. Kg2 Qxb2 33. Bd5 Re7
34. Rxa6 b4 35. a4 Qd4 36. Bb3 Rd7 37. h3 g6 38. Rf6 Ne6 39. Bxe6 fxe6 40. Rxg6+
Rg7 41. Rxe6 Rf7 42. Rg6+ Kf8 43. Qa8+ Ke7 44. Qb7+ Kf8 45. Qc8+ Ke7 46. Re6# 1-0

[Event "World Senior Teams +65"]
[Site "Radebeul GER"]
[Date "2016.06.27"]
[Round "2.2"]
[Board "1"]
[White "Faibisovich, Vadim Z"]
[Black "Schmidt, Gerhard3"]
[Result "1-0"]
[WhiteTitle "IM"]
[WhiteElo "2348"]
[BlackElo "2077"]
[WhiteTeam "Sankt-Petersburg"]
[BlackTeam "Saxone"]
[WhiteFideId "4102703"]
[BlackFideId "12962260"]
[EventDate "2016.06.26"]

1. e4 c5 2. Nf3 d6 3. d4 cxd4 4. Nxd4 Nf6 5. Nc3 a6 6. g3 e5 7. Nb3 Be7 8. Bg2
O-O 9. O-O Nbd7 10. a4 b6 11. Be3 Bb7 12. Qe2 Qc7 13. Nd5 Nxd5 14. exd5 Rac8 15.
Rfc1 f5 16. a5 b5 17. c4 bxc4 18. Nd2 Rce8 19. Nxc4 Qd8 20. Nb6 Nf6 21. b4 f4
22. gxf4 exf4 23. Bxf4 Nh5 24. Be3 g6 25. Qg4 Bf6 26. Ra2 Be5 27. Rac2 Rf7 28.
Bg5 Bf6 29. Be3 Be5 30. Rc4 Ref8 31. h4 Bf4 32. R1c2 Be5 33. Bg5 Bf6 34. Bxf6
Nxf6 35. Qg5 Qe7 36. Qe3 Qd8 37. Qg5 Qe7 38. Rc1 Qd8 39. Bh3 Kg7 40. Be6 Re7 41.
Nc8 h6 42. Qd2 1-0

[Event "World Senior Teams +65"]
[Site "Radebeul GER"]
[Date "2016.06.27"]
[Round "2.2"]
[Board "2"]
[White "Lenk, Wolfgang"]
[Black "Mishuchkov, Nikolai M."]
[Result "0-1"]
[BlackTitle "IM"]
[WhiteElo "2213"]
[BlackElo "2306"]
[WhiteTeam "USV TU Dresden"]
[BlackTeam "Sankt-Petersburg"]
[WhiteFideId "4612388"]
[BlackFideId "4102401"]
[EventDate "2016.06.26"]

1. e4 c5 2. Nf3 e6 3. Nc3 a6 4. d4 cxd4 5. Nxd4 Nc6 6. g3 d6 7. Bg2 Bd7 8. O-O
Nf6 9. Kh1 Be7 10. f4 Nxd4 11. Qxd4 Bc6 12. Be3 O-O 13. Rad1 Rc8 14. Bg1 Qc7 15.
Rfe1 b5 16. a3 Rfd8 17. Qb6 Qxb6 18. Bxb6 Rd7 19. h3 h6 20. Rd2 g5 21. Be3 Nh5
22. fxg5 Bxg5 23. Kh2 Nf6 24. Bxg5 hxg5 25. Red1 Rcd8 26. Rf2 Ne8 27. Ne2 Bb7
28. Nd4 Ng7 29. c3 Rc8 30. Rfd2 Ne8 31. Nb3 Rdc7 32. Re1 Kg7 33. e5 dxe5 34.
Rxe5 Kf6 35. Re3 Bxg2 36. Kxg2 Ke7 37. Red3 Nf6 38. Re2 Nd7 39. Rde3 Rg8 40. Re4
Nb6 41. Nd4 Nc4 42. Nf5+ Kf6 43. Ne3 Nxe3+ 44. R2xe3 Rd8 45. Kf3 Rd2 46. Re2
Rxe2 47. Kxe2 e5 48. Kd3 Rd7+ 49. Ke2 Kf5 50. Rb4 Rc7 51. Kd3 Rd7+ 52. Ke2 Rc7
53. Kd3 f6 54. a4 Rc5 55. axb5 axb5 56. b3 Rd5+ 57. Ke3 Ke6 58. c4 bxc4 59. bxc4
Rd4 60. Rb6+ Kf7 61. Rc6 f5 62. c5 f4+ 63. gxf4 gxf4+ 64. Kf3 Rd3+ 65. Ke4 Re3+
66. Kf5 f3 67. Rc7+ Ke8 68. Ke6 Kd8 69. Rf7 e4 70. h4 Re2 71. Rf4 f2 72. h5 e3
73. Kd6 Rd2+ 74. Kc6 Rd1 75. h6 f1=Q 0-1

[Event "World Senior Teams +65"]
[Site "Radebeul GER"]
[Date "2016.06.27"]
[Round "2.2"]
[Board "3"]
[White "Karasev, Vladimir I"]
[Black "Kahn, Peter"]
[Result "1-0"]
[WhiteTitle "IM"]
[WhiteElo "2347"]
[BlackElo "2097"]
[WhiteTeam "Sankt-Petersburg"]
[BlackTeam "USV TU Dresden"]
[WhiteFideId "4103971"]
[BlackFideId "4686837"]
[EventDate "2016.06.26"]

1. c4 c6 2. Nc3 d5 3. e3 Nf6 4. Nf3 Bg4 5. h3 Bh5 6. cxd5 Bxf3 7. Qxf3 cxd5 8.
g4 e6 9. g5 Nfd7 10. h4 Nc6 11. d4 Rc8 12. Bd2 a6 13. Qd1 Be7 14. f4 h6 15. Qf3
Nf8 16. O-O-O b5 17. Kb1 Qb6 18. Bh3 b4 19. Nxd5 Qb5 20. Nxe7 Qd3+ 21. Ka1 Nxd4
22. exd4 Qxf3 23. Nxc8 a5 24. Nd6+ Ke7 25. Nc4 Qd5 26. Ne3 Qb5 27. Rhe1 hxg5 28.
Bf1 Qd7 29. hxg5 g6 30. d5 Qa7 31. dxe6 fxe6 32. f5 Kf7 33. fxe6+ Nxe6 34. Bc4
Re8 35. Ng4 Qc5 36. Be3 Qc7 37. Rd7+ 1-0

[Event "World Senior Teams +65"]
[Site "Radebeul GER"]
[Date "2016.06.27"]
[Round "2.2"]
[Board "4"]
[White "Petzold, Hans"]
[Black "Blechzin, Igor"]
[Result "0-1"]
[BlackTitle "IM"]
[WhiteElo "2092"]
[BlackElo "2349"]
[WhiteTeam "USV TU Dresden"]
[BlackTeam "Sankt-Petersburg"]
[WhiteFideId "24615676"]
[BlackFideId "4116208"]
[EventDate "2016.06.26"]

1. e4 c5 2. Nc3 e6 3. f4 d5 4. Bb5+ Bd7 5. Bxd7+ Qxd7 6. Nf3 dxe4 7. Nxe4 Nc6 8.
O-O Be7 9. d3 Nh6 10. a3 O-O 11. Kh1 Nf5 12. g4 Nfd4 13. Nxd4 Nxd4 14. Be3 f5
15. Bxd4 fxe4 16. Bc3 Qc6 17. Kg1 Rad8 18. Qe2 exd3 19. cxd3 Bf6 20. Rae1 Bxc3
21. bxc3 Rd6 22. Qa2 Kh8 23. Re3 b5 24. f5 c4 25. d4 exf5 26. gxf5 Rdf6 27. Qe2
h6 28. Re6 Rxe6 29. Qxe6 Qxe6 30. fxe6 Rxf1+ 31. Kxf1 Kg8 32. h4 g5 33. hxg5
hxg5 34. d5 a5 35. d6 Kf8 36. Ke2 g4 37. Ke3 g3 0-1

[Event "World Senior Teams +65"]
[Site "Radebeul GER"]
[Date "2016.06.27"]
[Round "2.3"]
[Board "1"]
[White "Ager, Josef"]
[Black "Boehnisch, Manfred"]
[Result "1/2-1/2"]
[BlackTitle "FM"]
[WhiteElo "2158"]
[BlackElo "2302"]
[WhiteTeam "Niederoesterreich"]
[BlackTeam "Schachfreunde Leipzig"]
[WhiteFideId "1607138"]
[BlackFideId "4611543"]
[EventDate "2016.06.26"]

1. Nf3 d5 2. c4 c6 3. g3 Bf5 4. Qb3 Qc8 5. Nc3 e6 6. Bg2 Nd7 7. d4 Bd6 8. Bf4
Bxf4 9. gxf4 Ne7 10. e3 O-O 11. Rc1 Qb8 12. Ne2 b5 13. cxb5 cxb5 14. Qb4 Ng6 15.
O-O a5 16. Qd2 Nf6 17. Ng3 Be4 18. Rc5 Nd7 19. Rc6 Ne7 20. Rcc1 Bxf3 21. Bxf3 f5
22. Be2 Qb6 23. Rc2 Rfc8 24. Rfc1 Rxc2 25. Rxc2 Rc8 26. Qc1 Rxc2 27. Qxc2 Kf7
28. Qd3 1/2-1/2

[Event "World Senior Teams +65"]
[Site "Radebeul GER"]
[Date "2016.06.27"]
[Round "2.3"]
[Board "2"]
[White "Schubert, Thomas"]
[Black "Gneiss, Karl"]
[Result "1-0"]
[WhiteTitle "FM"]
[WhiteElo "2362"]
[BlackElo "2183"]
[WhiteTeam "Schachfreunde Leipzig"]
[BlackTeam "Niederoesterreich"]
[WhiteFideId "4643038"]
[BlackFideId "1605844"]
[EventDate "2016.06.26"]

1. d4 d5 2. c4 c6 3. Nf3 Nf6 4. e3 Bf5 5. Nc3 e6 6. Nh4 Bg6 7. Qb3 Qc7 8. Nxg6
hxg6 9. g3 Nbd7 10. Bg2 Bd6 11. Bd2 Qb6 12. c5 Qxb3 13. axb3 Bc7 14. b4 a6 15.
b5 cxb5 16. Nxb5 Rc8 17. Nxc7+ Rxc7 18. b4 O-O 19. f3 e5 20. O-O Re8 21. Rfe1 e4
22. f4 Nb8 23. Bf1 Re6 24. b5 axb5 25. Ra8 Nd7 26. Bxb5 Kh7 27. Ba5 b6 28. cxb6
Rb7 29. Ra7 1-0

[Event "World Senior Teams +65"]
[Site "Radebeul GER"]
[Date "2016.06.27"]
[Round "2.3"]
[Board "3"]
[White "Weinwurm, Wolfgang"]
[Black "Schoeneberg, Manfred"]
[Result "0-1"]
[BlackTitle "FM"]
[WhiteElo "2172"]
[BlackElo "2245"]
[WhiteTeam "Niederoesterreich"]
[BlackTeam "Schachfreunde Leipzig"]
[WhiteFideId "1619454"]
[BlackFideId "4611845"]
[EventDate "2016.06.26"]

1. e4 c5 2. Nf3 e6 3. d4 cxd4 4. Nxd4 a6 5. Nc3 Qc7 6. Qf3 Nc6 7. Be3 Nf6 8.
O-O-O Bb4 9. Nxc6 Bxc3 10. Nd4 Bb4 11. Kb1 Be7 12. g4 h6 13. Rg1 d6 14. h4 h5
15. g5 Ng4 16. Bh3 Nxe3 17. Qxe3 g6 18. f4 e5 19. Ne2 O-O 20. f5 b5 21. Ng3 d5
22. Rxd5 Bb7 23. Nxh5 Bxd5 24. Nf6+ Bxf6 25. gxf6 Qa7 26. Qxa7 Rxa7 27. exd5 Rd7
28. fxg6 Rxd5 29. g7 Rfd8 30. Bg4 Rd4 31. Be2 Rxh4 0-1

[Event "World Senior Teams +65"]
[Site "Radebeul GER"]
[Date "2016.06.27"]
[Round "2.4"]
[Board "1"]
[White "Werner, Clemens"]
[Black "Vogel, Jaap"]
[Result "1/2-1/2"]
[WhiteTitle "FM"]
[BlackTitle "FM"]
[WhiteElo "2334"]
[BlackElo "2126"]
[WhiteTeam "Germany 1"]
[BlackTeam "Oranje 1"]
[WhiteFideId "4604636"]
[BlackFideId "1000764"]
[EventDate "2016.06.26"]

1. e4 e6 2. d4 d5 3. Nc3 Bb4 4. exd5 exd5 5. Bd3 Nf6 6. Ne2 O-O 7. O-O c6 8. Bf4
Re8 9. a3 Bd6 10. Bxd6 Qxd6 11. Ng3 Bg4 12. f3 Bd7 13. Qd2 c5 14. dxc5 Qxc5+ 15.
Qf2 Qxf2+ 16. Kxf2 a6 17. Rfd1 g6 18. Bf1 Bc6 19. Nge2 Nbd7 20. Nd4 Nb6 21. Rd2
Rac8 22. Rad1 Nc4 23. Bxc4 dxc4 24. Nde2 Kg7 25. h4 h5 26. Nf4 Re5 27. Rd8 Rc7
28. R8d6 Rf5 29. g3 Ne8 30. Rd8 Nf6 31. R1d6 Rd7 32. R8xd7 Nxd7 33. Nce2 Rf6 34.
Rxf6 Kxf6 35. Nd4 Ne5 36. Ke3 Ke7 37. Nh3 Bd5 38. Nf2 Kd6 39. f4 Nd7 40. Kd2 1/2-1/2

[Event "World Senior Teams +65"]
[Site "Radebeul GER"]
[Date "2016.06.27"]
[Round "2.4"]
[Board "3"]
[White "Haakert, Juergen"]
[Black "Westerveld, Wim"]
[Result "1/2-1/2"]
[WhiteTitle "FM"]
[WhiteElo "2341"]
[BlackElo "2157"]
[WhiteTeam "Germany 1"]
[BlackTeam "Oranje 1"]
[WhiteFideId "4602277"]
[BlackFideId "1001310"]
[EventDate "2016.06.26"]

1. Nf3 c5 2. g3 g6 3. Bg2 Bg7 4. O-O Nc6 5. d3 e6 6. c3 Nge7 7. e4 d5 8. Re1 b6
9. Na3 Bb7 10. Bf4 a6 11. Qc1 O-O 12. Bh6 b5 13. Nc2 Rc8 14. Bxg7 Kxg7 15. Qf4
f6 16. exd5 Nxd5 17. Qe4 Re8 18. d4 cxd4 19. Ncxd4 Nxd4 20. Qxd4 Qb6 21. a4 e5
22. Qxb6 Nxb6 23. axb5 Bxf3 24. Bxf3 axb5 25. Ra7+ Kh8 26. Rb7 Rb8 27. Rd1 Rxb7
28. Bxb7 Rb8 29. Bc6 Na4 30. Rd2 Rb6 31. Be8 Rb8 32. Bc6 1/2-1/2

[Event "World Senior Teams +65"]
[Site "Radebeul GER"]
[Date "2016.06.27"]
[Round "2.4"]
[Board "4"]
[White "Van Oosten, Arend"]
[Black "Kierzek, Matthias"]
[Result "1/2-1/2"]
[WhiteElo "2082"]
[BlackElo "2230"]
[WhiteTeam "Oranje 1"]
[BlackTeam "Germany 1"]
[WhiteFideId "1006053"]
[BlackFideId "4647009"]
[EventDate "2016.06.26"]

1. e4 c6 2. d4 d5 3. Nc3 dxe4 4. Nxe4 Bf5 5. Ng3 Bg6 6. Nf3 Nd7 7. h4 h6 8. h5
Bh7 9. Bd3 Bxd3 10. Qxd3 e6 11. Bd2 Ngf6 12. O-O-O Be7 13. Kb1 Qb6 14. Rhe1
O-O-O 15. c4 Bb4 16. Bxb4 Qxb4 17. Qc2 Qa5 18. Re3 Kb8 19. Ra3 Qc7 20. Rad3 Qf4
21. Ra3 Qc7 22. Rad3 Qf4 23. Ra3 1/2-1/2

[Event "World Senior Teams +65"]
[Site "Radebeul GER"]
[Date "2016.06.27"]
[Round "2.5"]
[Board "1"]
[White "Lehmann, Karl-Heinz"]
[Black "Rotstein, Jefim"]
[Result "1/2-1/2"]
[BlackTitle "FM"]
[WhiteElo "2108"]
[BlackElo "2332"]
[WhiteTeam "Stiftung BSW / DBAG I"]
[BlackTeam "Germany 2"]
[WhiteFideId "4617576"]
[BlackFideId "14101033"]
[EventDate "2016.06.26"]

1. d4 f5 2. g3 Nf6 3. Bg2 e6 4. Nf3 Be7 5. c4 d6 6. Nc3 O-O 7. O-O Qe8 8. Re1
Ne4 9. Qd3 Qg6 10. Nd2 Nxc3 11. Qxc3 Nc6 12. f4 Bf6 13. Nf3 Bd7 14. Be3 Rae8 15.
Rad1 Bc8 16. Bf2 e5 17. dxe5 dxe5 18. fxe5 Nxe5 19. Nxe5 Bxe5 20. Bd4 Bxd4+ 21.
Rxd4 c5 22. Rf4 Bd7 23. Bd5+ Be6 24. e4 Bxd5 25. exd5 Rxe1+ 26. Qxe1 Qf6 27. Qd2 1/2-1/2

[Event "World Senior Teams +65"]
[Site "Radebeul GER"]
[Date "2016.06.27"]
[Round "2.5"]
[Board "2"]
[White "Khanukov, Boris"]
[Black "Kugelmann, Werner"]
[Result "1/2-1/2"]
[WhiteTitle "IM"]
[WhiteElo "2323"]
[BlackElo "2144"]
[WhiteTeam "Germany 2"]
[BlackTeam "Stiftung BSW / DBAG I"]
[WhiteFideId "4680898"]
[BlackFideId "4671856"]
[EventDate "2016.06.26"]

1. d4 Nf6 2. c4 g6 3. Nf3 Bg7 4. Nc3 d6 5. e4 O-O 6. Be2 Na6 7. O-O e5 8. d5 Nc5
9. Qc2 a5 10. Be3 Qe8 11. Nd2 b6 12. b3 Ng4 13. Bxg4 Bxg4 14. a3 Na6 15. Rab1
Bd7 16. b4 axb4 17. axb4 f5 18. f3 Qe7 19. Rfc1 f4 20. Bf2 g5 21. Ne2 g4 22. Kh1
Qg5 23. fxg4 Bxg4 24. Nf3 Bxf3 25. gxf3 Qh5 26. Qd3 Rf6 27. Rg1 Rg6 28. Rxg6
hxg6 29. Ng1 Nb8 30. Qb3 Nd7 31. c5 g5 32. cxb6 cxb6 33. h3 b5 34. Rc1 Nf6 35.
Kg2 Qf7 36. Rc6 Qd7 37. Qd3 Rb8 38. Qc3 Ne8 39. Qa3 Bf8 40. Qa5 Be7 41. Ne2 Kf8
42. Nc3 Bd8 43. Qa6 Qb7 44. Rxd6 Nxd6 45. Qxd6+ Be7 46. Qh6+ Kg8 47. Qg6+ Kh8
48. d6 Bf8 49. Bc5 Qg7 50. Qf5 Rb7 51. Nd5 Rd7 52. Nf6 Rxd6 53. Bxd6 Bxd6 54.
Nd5 Qa7 55. Qf6+ Kh7 56. Qxg5 Qa2+ 57. Kh1 Qb1+ 58. Kh2 Qc2+ 59. Qg2 Qb3 60. h4
Bxb4 61. Nf6+ Kh8 62. Qg6 Qa2+ 63. Kh3 Qe6+ 64. Kg2 Qa2+ 65. Kh1 Qb1+ 66. Kh2
Qa2+ 67. Kh3 Qe6+ 1/2-1/2

[Event "World Senior Teams +65"]
[Site "Radebeul GER"]
[Date "2016.06.27"]
[Round "2.5"]
[Board "3"]
[White "Baumbach, Friedrich"]
[Black "Salov, Sergej"]
[Result "1/2-1/2"]
[WhiteTitle "FM"]
[BlackTitle "IM"]
[WhiteElo "2193"]
[BlackElo "2198"]
[WhiteTeam "Stiftung BSW / DBAG I"]
[BlackTeam "Germany 2"]
[WhiteFideId "4611721"]
[BlackFideId "4107926"]
[EventDate "2016.06.26"]

1. d4 Nf6 2. c4 e6 3. Nf3 c5 4. Nc3 cxd4 5. Nxd4 a6 6. e3 Qc7 7. Be2 b6 8. O-O
Bb7 9. b3 d6 10. Bb2 Nbd7 11. Bf3 Rc8 12. Qe2 Be7 13. Rfd1 O-O 1/2-1/2

[Event "World Senior Teams +65"]
[Site "Radebeul GER"]
[Date "2016.06.27"]
[Round "2.5"]
[Board "4"]
[White "Gruzmann, Boris"]
[Black "Goldberg, Valerij"]
[Result "1-0"]
[WhiteTitle "FM"]
[WhiteElo "2202"]
[BlackElo "2123"]
[WhiteTeam "Germany 2"]
[BlackTeam "Stiftung BSW / DBAG I"]
[WhiteFideId "4105290"]
[BlackFideId "4684370"]
[EventDate "2016.06.26"]

1. e4 e5 2. Nf3 Nc6 3. Bb5 a6 4. Ba4 Nf6 5. O-O b5 6. Bb3 Bc5 7. c3 Bb6 8. d4
exd4 9. e5 Ne4 10. Bd5 Nxf2 11. Rxf2 dxc3 12. Nxc3 Bxf2+ 13. Kxf2 Qe7 14. Ne4
Rb8 15. Bg5 Qb4 16. Bxc6 Qxb2+ 17. Kg1 h6 18. Rb1 Qa3 19. Bc1 Qxa2 20. Rb2 Qa5
21. Bd5 O-O 22. Be3 b4 23. Bc5 Re8 24. Qb3 Re6 25. Ra2 Qb5 26. Nd4 1-0

[Event "World Senior Teams +65"]
[Site "Radebeul GER"]
[Date "2016.06.27"]
[Round "2.6"]
[Board "2"]
[White "Zunker, Reinhard"]
[Black "Petschar, Kurt"]
[Result "1/2-1/2"]
[WhiteTitle "FM"]
[BlackTitle "FM"]
[WhiteElo "2134"]
[BlackElo "2278"]
[WhiteTeam "Hessen 1"]
[BlackTeam "Austria"]
[WhiteFideId "4617711"]
[BlackFideId "1600478"]
[EventDate "2016.06.26"]

1. c4 e5 2. Nc3 Bb4 3. g3 Nf6 4. Nd5 Bc5 5. Bg2 Nxd5 6. cxd5 O-O 7. e3 c6 8. Ne2
cxd5 9. Bxd5 Nc6 10. a3 d6 11. b4 Bb6 12. Bb2 Qe7 13. O-O Bh3 14. Re1 Kh8 15. d4
a6 16. Rc1 Rac8 17. Bh1 Ba7 18. Qd3 1/2-1/2

[Event "World Senior Teams +65"]
[Site "Radebeul GER"]
[Date "2016.06.27"]
[Round "2.6"]
[Board "3"]
[White "Titz, Heimo"]
[Black "Biller, Helmut"]
[Result "1/2-1/2"]
[WhiteTitle "FM"]
[WhiteElo "2160"]
[BlackElo "2082"]
[WhiteTeam "Austria"]
[BlackTeam "Hessen 1"]
[WhiteFideId "1601520"]
[BlackFideId "4676068"]
[EventDate "2016.06.26"]

1. c4 c5 2. Nc3 Nf6 3. g3 d5 4. cxd5 Nxd5 5. Bg2 Nc7 6. Qa4+ Qd7 7. Qxd7+ Nxd7
8. Nf3 e5 9. d3 Be7 10. O-O O-O 11. Nd2 Rb8 12. Nc4 b6 13. f4 f6 14. a4 Bb7 15.
Nb5 Bxg2 16. Kxg2 Nxb5 17. axb5 Rb7 18. fxe5 Nxe5 19. Nxe5 fxe5 20. Be3 Bd6 21.
Rxf8+ Kxf8 22. Kf3 Kf7 23. Ke4 Ke6 24. Rf1 Rd7 25. b3 Rd8 26. g4 Be7 27. Rf3 a6
28. bxa6 Ra8 29. Rh3 h6 30. Rh5 Bf6 31. h4 Rxa6 32. g5 hxg5 33. hxg5 Be7 34. Rh7
Kf7 35. Kxe5 Ra3 36. Kf5 Rxb3 37. g6+ Kg8 38. Bg5 Bxg5 39. Kxg5 Rb2 40. Rh2 b5
41. Kf5 c4 42. dxc4 bxc4 43. Ke4 Rb6 44. Rg2 c3 45. Kd3 Rc6 46. Kc2 Kf8 47. e4
Ke7 48. Rf2 Rxg6 1/2-1/2